000 00615nam a22001937a 4500
005 20251108165017.0
008 250721s1988 xx 000 0 ara d
082 1 4 _a658.72/محم
100 1 _aعبد الفتاح، محمد سعيد
245 1 0 _aإدارة المشتريات و المخازن /
264 1 _aالإسكندرية :
_bالمكتب العربي الحديث،
_c1988.
300 _a495ص
650 1 7 _aالإدارة
650 1 7 _aتقنيات الإدارة
650 1 7 _aإدارة المستودعات
650 1 7 _aإدارة المشتريات
942 _2ddc
_cBK
999 _c19814
_d19814